Datum a čas kvízu
35
Celkem bodů
Celkový počet nahraných bodů na tomto kvízu bez doplňovacích otázek.
4.
Pořadí na kvízu
Konečné umístění týmu na tomto kvízu.
Zaznamenané odpovědi
| # | Otázka | Odpověď | Body | Výsledky |
|---|---|---|---|---|
| 1. | Letitá ikonická story o „bábě... | Plzeň | 0 | |
| 2. | Ve kterém městě zahajoval Kare... | v Ottawě | 1 | |
| 3. | Minulý týden jsme se definitiv... | Votvírák | 1 | |
| 4. | Jak se jmenuje horská chata le... | Luční bouda | 1 | |
| 5. | Dvojnásobná grandslamová šampi... | Jiří Novák | 0 | |
| 6. | Fanoušci komiksů, sci-fi, fant... | cosplay | 1 | |
| 7. | Jak se jmenuje zvíře, které je... | Garfield | 1 | |
| 8. | Jedním z nejoblíbenějších komi... | 1D 2C 3A 4B | 1 | |
| 9. | Jak se jmenuje muž, který nakr... | Štěpán Mareš | 1 | |
| 10. | V současné době vychází v komi... | Karel Jaromír Erben, Kytice | 1 |